000 00667nam a2200241Ia 4500
003 OSt
005 20221005081250.0
006 a|||||r|||| 00| 0
007 ta
008 221004b |||||||| |||| 00| 0 eng d
024 _a54756
037 _cTextual
040 _aCRL
_cCRL
_beng
041 _2eng
_aeng
082 _aV2y7N02, N2
100 _aCharan Singh
245 0 _aSelected speeches
_b July 1979-December 1979.
260 _aNew Delhi
_bPublication Division Ministry of Information and Broeadcasting
_c1992
300 _a61p.
_ccm.
650 _aHISTORY
942 _hV2y7N02, N2
_cTEXL
_2cc
999 _c987454
_d987454